000 01011nam a2200337Ia 4500
003 OSt
005 20220912150417.0
006 a|||||r|||| 00| 0
007 ta
008 220909b |||||||| |||| 00| 0 eng d
020 _a0121060519 (pbk)
024 _a15933
037 _b180, 13/10/2005, Ashutosh Technical Books
037 _cTextual
040 _aCSL
_beng
_cCSL
041 _aeng
082 _aCN1, P4 TB
100 _aBlinder S M
245 0 _aIntroduction to quantum mechanics in chemistry,materials science and biology
260 _aAmsterdam
_bElsevier Academic Press
_c2004
300 _axv,319p.
_ccm.
490 _aComplimentary science series
500 _aIndex 311-319p
650 _a Quantum biochemistry
650 _a Quantum chemistry
650 _a Quantum mechanics
650 _a Quantum theory
650 _aPhysics
942 _hCN1, P4 TB
_cTEXL
_2CC
999 _c46981
_d46981